[Event "Druzynowe Mistrzostwa Polski Ekstraliga"]
[Site "Gorzow Wlkp. - Wroclaw - Katowice"]
[Date "1899-12-30"]
[Round "9.25"]
[White "Wojtaszek, Radoslaw"]
[Black "Vovk, Yuri"]
[Result "1-0"]
[WhiteTitle "GM"]
[BlackTitle "GM"]
[WhiteElo "2734"]
[BlackElo "2600"]

1. d4 Nf6 2. c4 e6 3. Nf3 d5 4. Nc3 Nbd7 5. cxd5 exd5 6. Bf4 c6 7. e3 Nh5 8. Bg5
Be7 9. Bxe7 Qxe7 10. Qc2 g6 11. h3 Nb6 12. Be2 Bf5 13. Qb3 Nf6 14. a4 Be4 15.
a5 Bxf3 16. Bxf3 Nc4 17. Be2 Nd6 18. a6 b6 19. O-O O-O 20. Rac1 Rac8 21. Rc2 Qe6
22. Rfc1 c5 23. dxc5 bxc5 24. Rd1 c4 25. Qa4 Nde4 26. Nxe4 Nxe4 27. Bf3 Rc6 28.
Qb5 Rc5 29. Qb7 Ra5 30. Qxa7 Ng5 31. Bg4 f5 32. Be2 Rf7 33. Qb8+ Rf8 34. a7 Qc6
35. Rxd5 Rxd5 36. Bxc4 Kg7 37. Bxd5 Qxc2 38. Qxf8+ Kxf8 39. a8=Q+ Kg7 40. Qa7+
Kh6 41. Qd4 Ne4 42. Bxe4 fxe4 43. Qf6 Qc5 44. Qh4+ Kg7 45. Qxe4 Qc1+ 46. Kh2 Qxb2
47. Qd4+ 1-0

[Event "Druzynowe Mistrzostwa Polski Ekstraliga"]
[Site "Gorzow Wlkp. - Wroclaw - Katowice"]
[Date "1899-12-30"]
[Round "9.26"]
[White "Bobras, Piotr"]
[Black "Navara, David"]
[Result "0-1"]
[WhiteTitle "GM"]
[BlackTitle "GM"]
[WhiteElo "2529"]
[BlackElo "2739"]

1. e4 c5 2. Nf3 e6 3. d4 cxd4 4. Nxd4 Nc6 5. Nc3 Qc7 6. Be3 a6 7. Qd2 Nf6 8. O-O-O
Be7 9. f4 b5 10. e5 b4 11. Ncb5 axb5 12. Nxb5 Qa5 13. exf6 gxf6 14. Nd6+ Bxd6
15. Qxd6 Qxa2 16. Bb5 Qa1+ 17. Kd2 Qxb2 18. Bc5 Ra2 19. Rc1 Qc3+ 20. Ke2 Ra5 21.
Ra1 Qxc2+ 22. Ke3 Rxb5 23. Ra8 Kd8 0-1

[Event "Druzynowe Mistrzostwa Polski Ekstraliga"]
[Site "Gorzow Wlkp. - Wroclaw - Katowice"]
[Date "1899-12-30"]
[Round "9.27"]
[White "Gajewski, Grzegorz"]
[Black "Kolosowski, Mateusz"]
[Result "0-1"]
[WhiteTitle "GM"]
[BlackTitle "IM"]
[WhiteElo "2634"]
[BlackElo "2421"]

1. c4 g6 2. e4 e5 3. d4 Nf6 4. Nf3 exd4 5. e5 Ne4 6. Qxd4 Bb4+ 7. Kd1 f5 8. exf6
Nxf6 9. Bh6 Bf8 10. Bxf8 Kxf8 11. Nc3 Nc6 12. Qd2 Kg7 13. h3 d6 14. g4 Re8 15.
g5 Ne4 16. Nxe4 Rxe4 17. Bd3 Re7 18. Qc3+ Kg8 19. Nd2 Qf8 20. f3 Qf4 21. Be4 Qxg5
22. Kc2 Qe5 23. Rag1 Bf5 24. Bxf5 Qxf5+ 25. Kc1 Ne5 26. Qc2 Rf8 27. Qxf5 Rxf5
28. Rg3 Rf4 29. b3 Nd3+ 30. Kc2 Nb4+ 31. Kb1 Re2 32. Ne4 Re3 33. Nd2 Nxa2 34.
Kxa2 Re2 0-1

[Event "Druzynowe Mistrzostwa Polski Ekstraliga"]
[Site "Gorzow Wlkp. - Wroclaw - Katowice"]
[Date "1899-12-30"]
[Round "9.28"]
[White "Goluch, Piotr"]
[Black "Miton, Kamil"]
[Result "0-1"]
[WhiteTitle "FM"]
[BlackTitle "GM"]
[WhiteElo "2285"]
[BlackElo "2618"]

1. Nf3 Nf6 2. c4 g6 3. g3 Bg7 4. Bg2 O-O 5. O-O c5 6. d4 cxd4 7. Nxd4 Nc6 8. Nc3
Qa5 9. Nb3 Qh5 10. e4 Qxd1 11. Rxd1 d6 12. c5 dxc5 13. Nxc5 Rb8 14. e5 Nxe5 15.
Bf4 Nh5 16. Bxe5 Bxe5 17. Nd7 Bxd7 18. Rxd7 e6 19. Re1 Nf6 20. Rxb7 Rxb7 21. Bxb7
Bxc3 22. bxc3 Rb8 23. Bf3 Rb2 24. a4 Rb3 25. Re3 Kf8 26. Kg2 Nd7 27. Rd3 Ke7 28.
Bd1 Ra3 29. h4 h5 30. Rf3 Nc5 31. Rf4 Rxc3 32. Rb4 Rd3 33. Bf3 Rd2 34. Rc4 Kd6
35. Kf1 e5 36. g4 hxg4 37. Rxg4 Nd3 0-1

[Event "Druzynowe Mistrzostwa Polski Ekstraliga"]
[Site "Gorzow Wlkp. - Wroclaw - Katowice"]
[Date "1899-12-30"]
[Round "9.29"]
[White "Socko, Bartosz"]
[Black "Dubinski, Mateusz"]
[Result "1-0"]
[WhiteTitle "GM"]
[BlackTitle "CM"]
[WhiteElo "2583"]
[BlackElo "2275"]

1. c4 c6 2. Nf3 d5 3. d4 Nf6 4. Nbd2 e6 5. g3 Nbd7 6. Bg2 Be7 7. O-O O-O 8. Qc2
b6 9. e4 dxe4 10. Nxe4 Nxe4 11. Qxe4 Bb7 12. Rd1 Qc8 13. Bf4 Re8 14. Ne5 Nxe5
15. Bxe5 Rd8 16. Rac1 Rd7 17. h4 Qf8 18. h5 Rad8 19. h6 g6 20. Bg7 Qe8 21. Bh3
Bf8 22. Qe5 Bd6 23. Qe3 Bf8 24. Be5 c5 25. d5 exd5 26. Bxd7 Rxd7 27. Qf4 Re7 28.
Re1 Re6 29. cxd5 Bxd5 30. Bc3 Be4 31. Rxe4 Rxe4 32. Qf6 Rd4 33. Re1 Qd7 34. Re4
Bxh6 35. Bxd4 cxd4 36. Rxd4 Qh3 37. Rd8+ Bf8 38. b4 Qh6 39. b5 Qc1+ 40. Kg2 Qc7
41. Ra8 h5 42. a4 h4 43. Qd8 Qc5 44. Rc8 Qa3 45. Qxh4 Kg7 46. Qd4+ Kh7 47. Qd5
Bg7 48. Qxf7 Qxa4 49. Rc4 1-0